SESSİZ SAKİN İN GÜRÜLTÜLÜ MACERALARI 6:BU NASIL SÜPER KAHRAMAN? (Kayıt no. 851730)

MARC ayrıntıları
000 -LEADER
sabit uzunluktaki kontrol alanı 00317nam a2200097Ia 4500
001 - KONTROL NUMARASI
kontrol alanı 851730
005 - EN SON İŞLEMİN TARİH VE ZAMANI
kontrol alanı 20250826174501.0
008 - SABİT-UZUNLUKTA VERİ ÖĞELERİ--GENEL BİLGİ
sabit uzunluktaki kontrol alanı 250824s9999 xx 000 0 und d
245 #0 - ESER / YAZAR
ESER ADI SESSİZ SAKİN İN GÜRÜLTÜLÜ MACERALARI 6:BU NASIL SÜPER KAHRAMAN?
Yazar Adı MELİH TUĞTAĞ-ÇAĞRI CEBECİ
260 ## - YAYIN, DAĞITIM, VB.
YAYIN EVİ GENÇ HAYAT YAYINLARI
Mevcut
Düşüm durumu Kayıp durumu Hasar Durumu Ödünç verilmez Ana kütüphane Geçerli Kütüphane Edinilen tarih Toplam ödünç verme sayısı Barkod Son görüntüleme tarihi Fiyatın geçerli olmaya başladığı tarih Koha materyal türü
        ADNAN HADİYE SÜRMEGÖZ ORTAOKULU ADNAN HADİYE SÜRMEGÖZ ORTAOKULU 24.08.2025   10598482 26.08.2025 26.08.2025 Kitaplar
Gemini Bilgi Teknolojileri A.Ş. tarafından düzenlenmiştir.